| 000 | 00813cam a22002294a 4500 | ||
|---|---|---|---|
| 005 | 20091016122038.0 | ||
| 008 | 090107s2008 ii b 001 0 eng | ||
| 010 | _aENG-95574 | ||
| 020 |
_a9788178311609 _c395.00 |
||
| 035 | _aEN-79107 | ||
| 037 | _bDBAD/PUB | ||
| 040 | _aDPL | ||
| 100 | _aJain, Vandana. | ||
| 245 |
_aJudicial administration in ancient India / _cVandana Jain. |
||
| 260 |
_aNew Delhi : _bManak Publications, _c2008. |
||
| 300 |
_aviii, 150 p. ; _c22 cm. |
||
| 504 | _aIncludes bibliographical references and index. | ||
| 650 |
_aJustice, Administration of _zIndia _xHistory. |
||
| 942 |
_2ddc _cEN _mJAI |
||
| 999 |
_c32128 _d32128 |
||